00959nam a2200289 a 4500003000900000005001700009008004100026040001300067245014200080260006100222300003900283490004400322504002500366650002100391650002100412650001700433650002900450650002500479650002900504650002800533650001300561651001600574700001900590700001900609700001800628700002300646AR-BaBNM20251128203651.0082120s2002 ||||||||||||||000 | spa|| cAR-BaBNM00aEl inventario de glaciares y su relación con algunos aspectos geomorfológicos de las Islas James Ross y Vega, Península Antártica aBuenos AiresbDirección Nacional del Antárticoc1983 a16 p.bmapas, il., láms., tablas 0aInstituto Antártico Argentinovv. 288 aBibliografía p. 15 4aREGIONES POLARES 4aZONAS CLIMATICAS 4aOCEANOGRAFIA 4aEXPEDICIONES CIENTIFICAS 4aEXPLORACION OCEANICA 4aINVESTIGACION CIENTIFICA 4aEXPLORACION DE RECURSOS 4aGEOLOGIA 4aAntártida1 aRabassa, Jorge1 aSkvarca, Pedro1 aBertani, Luis1 aMazzoni, Elizabeth